000 00436nam a2200169Ia 4500
003 GCL
008 140319s9999 xx 000 0 eng d
040 _aGCL /
_cGCL
082 0 4 _a937.02
_bS H
100 1 _aSCULLARD, H. H.
245 1 0 _aA HISTORY OF THE ROMAN WORLD 753 - 146 BC /
_cSCULLARD, H. H.
260 _a[S.N] :
_bROUTLEDGE ،
_c1995
300 _a552 P
650 0 4 _aHISTORY
650 0 4 _aROMAN HISTORY
942 _2ddc
_cBK
999 _c13702
_d13702